Premier League - Highest Market Values - Football/Soccer Quiz - Statistics

General Stats
  • This quiz has been taken 34 times
    2 since last reset
  • The average score is 34 of 60
Answer Stats
Club Player % Correct
Liverpool Alexander Isak
100%
Liverpool Alexis Mac Allister
100%
Aston Villa Amadou Onana
100%
Newcastle Anthony Gordon
100%
Bournemouth Antoine Semenyo
100%
Sunderland Brian Brobbey
100%
Newcastle Bruno Guimaraes
100%
Arsenal Bukayo Saka
100%
Sunderland Chris Rigg | Habib Diarra | Lutsharel Geertruida
100%
Tottenham Hotspur Cristian Romero
100%
Arsenal Declan Rice
100%
Chelsea Enzo Fernandez
100%
Manchester City Erling Haaland
100%
Brighton Georginio Rutter | Jan Paul van Hecke
100%
Crystal Palace Jean-Philippe Mateta | Yeremy Pino
100%
Manchester United Lenny Yoro | Bryan Mbeumo
100%
Crystal Palace Marc Guehi
100%
Arsenal Martin Odegaard
100%
Tottenham Hotspur Micky van de Ven | Dejan Kulusevski
100%
Chelsea Moises Caicedo
100%
Nottingham Forest Morgan Gibbs-White
100%
Manchester City Rodri
100%
Newcastle Sandro Tonali
100%
Crystal Palace Adam Wharton
50%
Fulham Alex Iwobi
50%
Manchester United Benjamin Sesko
50%
Brighton Carlos Baleba
50%
Chelsea Cole Palmer
50%
Nottingham Forest Dan Ndoye | Nikola Milenkovic
50%
Bournemouth Evanilson
50%
Liverpool Florian Wirtz
50%
Everton Jack Grealish
50%
Everton Jarrad Branthwaite
50%
West Ham Jarrod Bowen
50%
Wolves Jorgen Strand Larsen
50%
Bournemouth Justin Kluivert
50%
Brighton Kaoru Mitoma
50%
West Ham Lucas Paqueta
50%
Manchester United Matheus Cunha
50%
West Ham Max Kilman | Jean-Clair Todibo
50%
Nottingham Forest Murillo
50%
Aston Villa Ollie Watkins | Boubacar Kamara
50%
Manchester City Phil Foden
50%
Sunderland Simon Adingra
50%
Tottenham Hotspur Xavi Simons
50%
Wolves Andre | Toti
0%
Fulham Antonee Robinson
0%
Fulham Emile Smith Rowe
0%
Leeds United Ethan Ampadu
0%
Burnley Florentino
0%
Wolves Joao Gomes
0%
Brentford Kevin Schade
0%
Burnley Leslie Ugochukwu
0%
Burnley Maxime Esteve
0%
Brentford Mikkel Damsgaard | Dango Ouattara
0%
Aston Villa Morgan Rogers
0%
Brentford Nathan Collins
0%
Leeds United Sean Longstaff
0%
Everton Vitaliy Mykolenko
0%
Leeds United Wilfried Gnonto
0%
No matching quizzes found
Score Distribution
Percent of People with Each Score
Percentile by Number Answered
Your Score History
You have not taken this quiz since the last reset